[Event "Tradewise Gibraltar ChallWk2"]
[Site "Gibraltar"]
[Date "2017.02.01"]
[Round "5.21"]
[White "Kandic, Milan"]
[Black "Hubbard, Michael"]
[Result "1-0"]
[WhiteElo "2061"]
[BlackElo "1909"]
[PlyCount "63"]
[EventDate "2017.01.28"]
[EventType "swiss"]
[EventRounds "5"]
[EventCountry "GGB"]
[SourceTitle "BritBase"]
[Source "www.saund.co.uk"]
[SourceDate "2018.02.10"]
[SourceVersion "1"]
[SourceVersionDate "2018.02.10"]
[SourceQuality "1"]

1. e4 c6 2. d4 d5 3. e5 c5 4. dxc5 e6 5. Nf3 Bxc5 6. Bd3 Ne7 7. O-O Nbc6 8. c3
Ng6 9. b4 Be7 10. Re1 Qc7 11. Qe2 b6 12. Na3 a6 13. b5 axb5 14. Nxb5 Qd7 15.
Rb1 O-O 16. Nbd4 Bc5 17. h4 Nxd4 18. cxd4 Be7 19. h5 Nh4 20. Nxh4 Bxh4 21. Rxb6
f5 22. exf6 Bxf6 23. Be3 Qa4 24. Bb1 Qc4 25. Qd2 Bd8 26. Rc1 Qa4 27. Rbc6 Bd7
28. Qd3 Rf5 29. g4 Rb8 30. gxf5 Rxb1 31. Qxb1 Bxc6 32. Qb8 1-0

[Event "Tradewise Gibraltar ChallWk2"]
[Site "Gibraltar"]
[Date "2017.02.01"]
[Round "5.22"]
[White "Diaz Mino, Pablo"]
[Black "Ruston, Mark R"]
[Result "1-0"]
[WhiteElo "1834"]
[BlackElo "2047"]
[PlyCount "53"]
[EventDate "2017.01.28"]
[EventType "swiss"]
[EventRounds "5"]
[EventCountry "GGB"]
[SourceTitle "BritBase"]
[Source "www.saund.co.uk"]
[SourceDate "2018.02.10"]
[SourceVersion "1"]
[SourceVersionDate "2018.02.10"]
[SourceQuality "1"]

1. d4 e6 2. c4 Nf6 3. Nc3 d5 4. cxd5 exd5 5. Bg5 Be7 6. Qc2 c6 7. e3 Bg4 8. Bd3
Nbd7 9. Nge2 Bxe2 10. Qxe2 Ne4 11. Bxe7 Qxe7 12. O-O O-O 13. f3 Nxc3 14. bxc3
f5 15. e4 Rae8 16. e5 f4 17. Rab1 b6 18. Qc2 g5 19. Qa4 Nb8 20. c4 dxc4 21.
Bxc4+ Kh8 22. Qc2 c5 23. Bb5 Rc8 24. Qe4 a6 25. Bd3 c4 26. Bc2 Nd7 27. Rfe1 1-0

[Event "Tradewise Gibraltar ChallWk2"]
[Site "Gibraltar"]
[Date "2017.02.01"]
[Round "5.23"]
[White "Mashayekh, Majid"]
[Black "Alberto, Manuel"]
[Result "0-1"]
[WhiteElo "1944"]
[BlackElo "2168"]
[PlyCount "68"]
[EventDate "2017.01.28"]
[EventType "swiss"]
[EventRounds "5"]
[EventCountry "GGB"]
[SourceTitle "BritBase"]
[Source "www.saund.co.uk"]
[SourceDate "2018.02.10"]
[SourceVersion "1"]
[SourceVersionDate "2018.02.10"]
[SourceQuality "1"]

1. d4 Nf6 2. c4 c5 3. d5 e5 4. Nc3 d6 5. e4 Be7 6. Be2 O-O 7. Nf3 a6 8. O-O Ne8
9. Qc2 Bg4 10. h3 Bc8 11. Bd3 Nd7 12. a3 Rb8 13. b4 b6 14. Be3 Nef6 15. Rab1
Nh5 16. Qd2 Ra8 17. bxc5 Nxc5 18. Bxc5 bxc5 19. Ne2 g6 20. g4 Ng7 21. Nh2 Bg5
22. Qb2 h5 23. Qb6 Qe7 24. f3 Bd7 25. Kg2 f5 26. Qc7 Rfc8 27. Qa5 fxg4 28. fxg4
hxg4 29. hxg4 Ne8 30. Ng3 Bf4 31. Be2 Qg5 32. Qc3 Nf6 33. Nf3 Qxg4 34. Nxe5
Qh3+ 0-1

[Event "Tradewise Gibraltar ChallWk2"]
[Site "Gibraltar"]
[Date "2017.02.01"]
[Round "5.24"]
[White "Herzwurm, Robert"]
[Black "Mottonen, Ari"]
[Result "1/2-1/2"]
[WhiteElo "2143"]
[BlackElo "1997"]
[PlyCount "37"]
[EventDate "2017.01.28"]
[EventType "swiss"]
[EventRounds "5"]
[EventCountry "GGB"]
[SourceTitle "BritBase"]
[Source "www.saund.co.uk"]
[SourceDate "2018.02.10"]
[SourceVersion "1"]
[SourceVersionDate "2018.02.10"]
[SourceQuality "1"]

1. e4 c6 2. d4 d5 3. e5 Bf5 4. Nf3 h6 5. Be2 e6 6. c3 Nd7 7. Nbd2 Ne7 8. a3 c5
9. dxc5 Nxc5 10. O-O Nc6 11. Nd4 Bh7 12. N2f3 Be7 13. Bb5 Qc7 14. b4 Nd7 15. c4
dxc4 16. Bb2 O-O 17. Nxc6 bxc6 18. Bxc4 a5 19. bxa5 1/2-1/2

[Event "Tradewise Gibraltar ChallWk2"]
[Site "Gibraltar"]
[Date "2017.02.01"]
[Round "5.25"]
[White "Jordan Martinez, David"]
[Black "Cholleti, Sahajasri"]
[Result "0-1"]
[WhiteElo "2122"]
[BlackElo "1987"]
[PlyCount "44"]
[EventDate "2017.01.28"]
[EventType "swiss"]
[EventRounds "5"]
[EventCountry "GGB"]
[SourceTitle "BritBase"]
[Source "www.saund.co.uk"]
[SourceDate "2018.02.10"]
[SourceVersion "1"]
[SourceVersionDate "2018.02.10"]
[SourceQuality "1"]

1. e4 c5 2. Nc3 d6 3. f4 g6 4. Nf3 Bg7 5. Bc4 Nc6 6. O-O Nf6 7. d3 O-O 8. Qe1
Nd4 9. Nxd4 cxd4 10. Ne2 d5 11. exd5 Nxd5 12. Ng3 e6 13. Bd2 b6 14. Bb4 Nxb4
15. Qxb4 Bb7 16. Rae1 a5 17. Qb3 a4 18. Qb4 Bc6 19. Ne4 b5 20. Bxb5 Rb8 21.
Qxa4 Bxb5 22. Qa3 Qd5 0-1

[Event "Tradewise Gibraltar ChallWk2"]
[Site "Gibraltar"]
[Date "2017.02.01"]
[Round "5.26"]
[White "Lung, Liviu-Catalin"]
[Black "Odeh, Kenneth"]
[Result "0-1"]
[WhiteElo "2090"]
[BlackElo "1969"]
[PlyCount "38"]
[EventDate "2017.01.28"]
[EventType "swiss"]
[EventRounds "5"]
[EventCountry "GGB"]
[SourceTitle "BritBase"]
[Source "www.saund.co.uk"]
[SourceDate "2018.02.10"]
[SourceVersion "1"]
[SourceVersionDate "2018.02.10"]
[SourceQuality "1"]

1. e4 c6 2. d4 d5 3. e5 Bf5 4. Nc3 e6 5. g4 Bg6 6. Nge2 h5 7. Nf4 Ne7 8. Nxg6
fxg6 9. Bd3 Kd7 10. Bg5 Qe8 11. f3 c5 12. dxc5 Nec6 13. Bb5 Qf7 14. Qe2 Bxc5
15. O-O-O a6 16. Nxd5 exd5 17. e6+ Qxe6 18. Rxd5+ Qxd5 19. Rd1 Bd4 0-1

[Event "Tradewise Gibraltar ChallWk2"]
[Site "Gibraltar"]
[Date "2017.02.01"]
[Round "5.27"]
[White "Carlsten, Peter"]
[Black "Marcos Herrero, Francisco"]
[Result "0-1"]
[WhiteElo "2047"]
[BlackElo "1918"]
[PlyCount "52"]
[EventDate "2017.01.28"]
[EventType "swiss"]
[EventRounds "5"]
[EventCountry "GGB"]
[SourceTitle "BritBase"]
[Source "www.saund.co.uk"]
[SourceDate "2018.02.10"]
[SourceVersion "1"]
[SourceVersionDate "2018.02.10"]
[SourceQuality "1"]

1. e4 c5 2. Nf3 Nc6 3. d4 cxd4 4. Nxd4 g6 5. Nc3 Bg7 6. Be3 Nf6 7. Bc4 O-O 8.
Bb3 a5 9. f3 d5 10. Bxd5 Nxd5 11. exd5 Nxd4 12. Bxd4 e5 13. Bf2 Re8 14. O-O f5
15. Re1 Bd7 16. a4 Rc8 17. Qd3 Qe7 18. Ra3 e4 19. fxe4 fxe4 20. Rxe4 Qg5 21.
Be3 Qh5 22. Rxe8+ Rxe8 23. Ra1 Be5 24. h3 Bxh3 25. gxh3 Qxh3 26. Nd1 Rf8 0-1

[Event "Tradewise Gibraltar ChallWk2"]
[Site "Gibraltar"]
[Date "2017.02.01"]
[Round "5.28"]
[White "Lopez De Turiso, Jose Angel"]
[Black "O'Neil, Jim"]
[Result "1-0"]
[WhiteElo "2019"]
[BlackElo "1950"]
[PlyCount "45"]
[EventDate "2017.01.28"]
[EventType "swiss"]
[EventRounds "5"]
[EventCountry "GGB"]
[SourceTitle "BritBase"]
[Source "www.saund.co.uk"]
[SourceDate "2018.02.10"]
[SourceVersion "1"]
[SourceVersionDate "2018.02.10"]
[SourceQuality "1"]

1. e4 c5 2. c3 e6 3. d4 d5 4. exd5 exd5 5. Nf3 Nc6 6. Be2 Nf6 7. O-O Be7 8.
dxc5 Bxc5 9. Nbd2 O-O 10. Nb3 Bb6 11. Nbd4 Ne4 12. h3 Qd6 13. Be3 Qg6 14. Nxc6
bxc6 15. Bxb6 axb6 16. Ne5 Qd6 17. Nf3 Re8 18. Bd3 Qh6 19. Re1 Bf5 20. Nd4 Bc8
21. f3 Bxh3 22. fxe4 dxe4 23. Bxe4 1-0

[Event "Tradewise Gibraltar ChallWk2"]
[Site "Gibraltar"]
[Date "2017.02.01"]
[Round "5.29"]
[White "Krokay, Urszula"]
[Black "Stuhlmann, Alexander"]
[Result "1-0"]
[WhiteElo "2018"]
[BlackElo "1906"]
[PlyCount "59"]
[EventDate "2017.01.28"]
[EventType "swiss"]
[EventRounds "5"]
[EventCountry "GGB"]
[SourceTitle "BritBase"]
[Source "www.saund.co.uk"]
[SourceDate "2018.02.10"]
[SourceVersion "1"]
[SourceVersionDate "2018.02.10"]
[SourceQuality "1"]

1. e4 d6 2. d4 Nf6 3. Nc3 e5 4. dxe5 dxe5 5. Qxd8+ Kxd8 6. Bc4 Be6 7. Bxe6 fxe6
8. Nf3 Bd6 9. Bg5 Ke7 10. O-O-O a6 11. Rhe1 Nbd7 12. Nd2 b5 13. Re2 h6 14. Be3
Ng4 15. Nb3 Nxe3 16. Rxe3 Rhf8 17. f3 b4 18. Na4 a5 19. Nd2 Ra6 20. Nc4 g5 21.
Red3 Rfa8 22. b3 Rf8 23. Kb2 Rf4 24. h3 h5 25. Ne3 Nf8 26. c3 Ng6 27. Rc1 Nh4
28. g3 Rxf3 29. gxh4 gxh4 30. Nd5+ 1-0

[Event "Tradewise Gibraltar ChallWk2"]
[Site "Gibraltar"]
[Date "2017.02.01"]
[Round "5.30"]
[White "Van Kemenade, Rudy"]
[Black "Pleasants, Allan J"]
[Result "1-0"]
[WhiteElo "1955"]
[BlackElo "2018"]
[PlyCount "67"]
[EventDate "2017.01.28"]
[EventType "swiss"]
[EventRounds "5"]
[EventCountry "GGB"]
[SourceTitle "BritBase"]
[Source "www.saund.co.uk"]
[SourceDate "2018.02.10"]
[SourceVersion "1"]
[SourceVersionDate "2018.02.10"]
[SourceQuality "1"]

1. f4 Nh6 2. Nf3 d5 3. g3 g6 4. Bg2 Bg7 5. O-O c6 6. e3 O-O 7. Qe2 Nd7 8. d4
Nf5 9. c4 Nd6 10. cxd5 cxd5 11. Nc3 e6 12. b3 Re8 13. Ba3 Nf6 14. Ne5 Bf8 15.
Rac1 Bd7 16. g4 Rc8 17. g5 Rxc3 18. Rxc3 Nde4 19. Bxf8 Nxc3 20. Qe1 Bb5 21.
gxf6 Rxf8 22. Qxc3 Bxf1 23. Bxf1 a6 24. Qe1 Qd6 25. Qh4 Rc8 26. Nd7 Kh8 27. Qh6
Rg8 28. Ne5 Qf8 29. Qh4 Qe8 30. Kf2 Rf8 31. Qh6 Rg8 32. Be2 Qf8 33. Qh4 Qe8 34.
Nf3 1-0

[Event "Tradewise Gibraltar ChallWk2"]
[Site "Gibraltar"]
[Date "2017.02.01"]
[Round "5.32"]
[White "Gostelow, David W"]
[Black "Christophe-Hayot, Romain"]
[Result "1-0"]
[WhiteElo "1970"]
[BlackElo "1784"]
[PlyCount "65"]
[EventDate "2017.01.28"]
[EventType "swiss"]
[EventRounds "5"]
[EventCountry "GGB"]
[SourceTitle "BritBase"]
[Source "www.saund.co.uk"]
[SourceDate "2018.02.10"]
[SourceVersion "1"]
[SourceVersionDate "2018.02.10"]
[SourceQuality "1"]

1. d4 f5 2. Nf3 e6 3. Bf4 Nf6 4. e3 Be7 5. Be2 O-O 6. h3 b6 7. O-O Bb7 8. c4 d6
9. Nc3 Ne4 10. Nxe4 fxe4 11. Nd2 d5 12. Bg4 Bc8 13. Rc1 c5 14. f3 cxd4 15. cxd5
Qxd5 16. fxe4 Qxa2 17. exd4 Na6 18. Qb3 Qxb3 19. Nxb3 Kh8 20. Be5 Bb7 21. Rfe1
Bg5 22. Rc4 Rae8 23. Ra4 b5 24. Ra5 Bf4 25. Rxb5 Bc6 26. Ra5 Nb4 27. Bxf4 Rxf4
28. Nc5 a6 29. Bxe6 Nc2 30. Rxa6 Nxd4 31. Bd7 Bxd7 32. Nxd7 h6 33. e5 1-0

[Event "Tradewise Gibraltar ChallWk2"]
[Site "Gibraltar"]
[Date "2017.02.01"]
[Round "5.33"]
[White "Spanton, Tim R"]
[Black "Ramirez Dominguez, Agustin"]
[Result "0-1"]
[WhiteElo "1964"]
[BlackElo "1947"]
[PlyCount "78"]
[EventDate "2017.01.28"]
[EventType "swiss"]
[EventRounds "5"]
[EventCountry "GGB"]
[SourceTitle "BritBase"]
[Source "www.saund.co.uk"]
[SourceDate "2018.02.10"]
[SourceVersion "1"]
[SourceVersionDate "2018.02.10"]
[SourceQuality "1"]

1. e4 d5 2. exd5 Nf6 3. d4 Bg4 4. f3 Bf5 5. Bb5+ c6 6. dxc6 Nxc6 7. Ne2 e6 8.
O-O Be7 9. Kh1 O-O 10. c3 a6 11. Ba4 Nd5 12. Ng3 Bg6 13. Na3 Bxa3 14. c4 Bxb2
15. Bxb2 Ne3 16. Qd2 Nxf1 17. Rxf1 Qa5 18. Qxa5 Nxa5 19. c5 Rfd8 20. Ne4 Bxe4
21. fxe4 Rac8 22. Rd1 Nc4 23. Bc1 h6 24. Bb3 Na5 25. Ba4 Nc4 26. Kg1 b5 27. Bb3
Rd7 28. Bf4 e5 29. Bxc4 bxc4 30. Bxe5 Rxc5 31. d5 c3 32. Kf2 c2 33. Rc1 f5 34.
Ke3 fxe4 35. Kxe4 Rcxd5 36. Rxc2 Rd2 37. Rc6 Rxa2 38. g4 Kf7 39. h4 Re7 0-1